US States by Emoji (All 50) - Statistics

General Stats
  • This quiz has been taken 53 times
  • The average score is 36 of 50
Answer Stats
Hint Answer % Correct
❄️⛰️🦀🛢️ Alaska
90%
🍊🚀🐊🧓 Florida
86%
🌋🏄🌈🍍 Hawaii
86%
🌵🇲🇽🔬👽 New Mexico
86%
🌵🏜️🐦‍🔥 Arizona
83%
🎥🍷🏄 California
83%
🎷🐊⚜️🦐 Louisiana
83%
🎰💸☀️👰 Nevada
83%
🚕🍕🥯 New York
83%
🛢️🤠🤘 Texas
83%
🏁🏀🌽 Indiana
79%
🍎☕⛰️🌧️ Washington
79%
🏙️🌽📚 Illinois
76%
🏞️🌲🦞 Maine
76%
🧦🦃🎓 Massachusetts
76%
🔔🍫🦅 Pennsylvania
76%
🏈🎣🌳 Alabama
72%
🍑🛬🎥 Georgia
72%
🥔⛰️🌲 Idaho
72%
🌻🌪️🚜 Kansas
72%
🐊🌸🎶 Mississippi
72%
🏔️🦬🏞️ Montana
72%
⛰️🦫🏕️ Oregon
72%
🌴🏖️🌙 South Carolina
72%
📜🏛️🌳 Virginia
72%
🦡🧀🍺 Wisconsin
72%
💎🚣🌲 Arkansas
69%
🏔️🌄🌵 Colorado
69%
🌽🚜🧑‍🌾 Iowa
69%
⛄🇸🇪🏒🏥 Minnesota
69%
🏖️🎡🏙️ New Jersey
69%
🏞️🏄🏀 North Carolina
69%
🪶🛢️🐎 North Dakota
69%
🏙️🚜🏭 Ohio
69%
⛰️🚂🏞️ South Dakota
69%
🎸🎶🍗 Tennessee
69%
🌲⛰️🍁🥞 Vermont
69%
⛰️🌲⛏️ West Virginia
69%
🦬🏞️⛰️ Wyoming
69%
📜📖🏡 Connecticut
66%
🏛️🛣️🏖️ Delaware
66%
🏇🏀🥃 Kentucky
66%
🦀🐢🥍 Maryland
66%
🏭🚗✋ Michigan
66%
🚜🌽🏈 Nebraska
66%
🏔️🌲🧗🏍️ New Hampshire
66%
🌪️🧑‍🌾⛏️ Oklahoma
66%
🌾🏞️🎷 Missouri
62%
⚓🌊🚢 Rhode Island
62%
🐝☀️⛪⛷️ Utah
62%
No matching quizzes found
Score Distribution
Percent of People with Each Score
Percentile by Number Answered
Your Score History
You have not taken this quiz